LEADER 01768nam 2200493I 450 001 9910707372203321 005 20160713144851.0 035 $a(CKB)5470000002463794 035 $a(OCoLC)953530568 035 $a(EXLCZ)995470000002463794 100 $a20160713j201604 ua 0 101 0 $aeng 135 $aurcn||||||||| 181 $ctxt$2rdacontent 182 $cc$2rdamedia 183 $acr$2rdacarrier 200 10$aStatistical emulator for expensive classification simulators /$fJerret Ross, Jamshid A. Samareh 210 1$aHampton, Virginia :$cNational Aeronautics and Space Administration, Langley Research Center,$dApril 2016. 215 $a1 online resource (vi, 83 pages)$ccolor illustrations 225 1 $aNASA/TM ;$v2016-219174 300 $aTitle from title screen (viewed July 13, 2016). 300 $a"April 2016." 300 $a"Performing organization: NASA Langley Research Center"--Report documentation page. 320 $aIncludes bibliographical references (pages 32-33). 606 $aClassifications$2nasat 606 $aMachine learning$2nasat 606 $aMonte Carlo method$2nasat 606 $aNormal density functions$2nasat 606 $aSimulators$2nasat 615 7$aClassifications. 615 7$aMachine learning. 615 7$aMonte Carlo method. 615 7$aNormal density functions. 615 7$aSimulators. 700 $aRoss$b Jerret$01404638 702 $aSamareh$b Jamshid A. 712 02$aLangley Research Center, 712 02$aUnited States.$bNational Aeronautics and Space Administration, 801 0$bGPO 801 1$bGPO 906 $aBOOK 912 $a9910707372203321 996 $aStatistical emulator for expensive classification simulators$93479589 997 $aUNINA LEADER 01115nam0 22002891i 450 001 UON00073597 005 20231205102400.273 010 $a20-10-10658-x 100 $a20020107d1985 |0itac50 ba 101 $afre 102 $aFR 105 $a||||t ||||| 200 1 $aA Marrakech et dans le Sud marocain$fMarcel Talabot 210 $a[Paris]$cHachette$dc1985 215 $a192 p., c. di tav., c. geogr.$cill.$d22 cm 410 1$1001UON00066570$12001 $aHachette guides bleu 606 $aMarocco$xGuide$3UONC040757$2FI 620 $aFR$dParis$3UONL002984 676 $a916.404$cDESCRIZIONI E VIAGGI DEL MAROCCO$v21 700 1$aTALABOT$bMarcel$3UONV048363$0659203 712 $aHachette$3UONV247610$4650 801 $aIT$bSOL$c20260410$gRICA 899 $aSIBA - SISTEMA BIBLIOTECARIO DI ATENEO E ARCHIVIO STORICO$2UONSI 912 $aUON00073597 950 $aSIBA - SISTEMA BIBLIOTECARIO DI ATENEO E ARCHIVIO STORICO$dSI 6 010 $eSI AA 8775 5 010 996 $aA Marrakech et dans le Sud marocain$91165748 997 $aUNIOR